| Поле | Инд. | ПП | Название | Значение |
|---|---|---|---|---|
| Тип записи | a | |||
| Библиографический уровень | b | |||
| 001 | Контрольный номер | DU/528812510 | ||
| 005 | Дата корректировки | 20200522191821.0 | ||
| 008 | Кодируемые данные | 20161003 | ||
| 040 | b | Код языка каталог. | rus | |
| e | Правила каталог. | PSBO | ||
| 041 | 0_ | a | Код языка текста | rus |
| 084 | a | Индекс другой классификации/Индекс ББК | 65.433(2Рос.Баш)-32; 65.291.3(2Рос.Баш)-21 | |
| 100 | 1_ | a | Автор | Лимарева Ю. А. |
| 245 | 10 | a | Заглавие | Исследование потребителей внутреннего туризма в Республике Башкортостан |
| 520 | 0_ | a | Аннотация | Развитие внутреннего туризма на сегодняшний день является одним из самых приоритетных направлений в туристической отрасли. Южный Урал по своим параметрам представляет собой практически идеальное место для туризма — в регионе имеется множество привлекательных с туристической точки зрения факторов. Однако из-за отсутствия инфраструктуры основными потребителями туристических услуг являются именно южноуральцы. В статье описано исследование потребителей туристических услуг в Республике Башкортостан |
| 650 | 14 | a | Основная рубрика | маркетинг |
| a | Основная рубрика | экономика | ||
| a | Основная рубрика | экономика предприятия | ||
| a | Основная рубрика | экономика туризма | ||
| 653 | 1_ | a | Ключевые слова | Башкирия |
| a | Ключевые слова | виды туризма | ||
| a | Ключевые слова | внутренний туризм | ||
| a | Ключевые слова | маркетинг услуг | ||
| a | Ключевые слова | методология маркетинга | ||
| a | Ключевые слова | потребители туристических услуг | ||
| a | Ключевые слова | развитие туризма | ||
| a | Ключевые слова | регионы России | ||
| a | Ключевые слова | Россия | ||
| a | Ключевые слова | сфера услуг | ||
| a | Ключевые слова | туризм | ||
| a | Ключевые слова | туристические услуги | ||
| a | Ключевые слова | туристический маркетинг | ||
| a | Ключевые слова | туристический продукт | ||
| a | Ключевые слова | Южный Урал | ||
| 773 | 08 | t | Заглавие источника | Маркетинг в России и за рубежом |
| d | Дата издания источника | 2016 | ||
| g | Прочая информация | № 4. - С. 40 - 47 : рис., табл. | ||
| w | Контрольный № источника | DU/524765833 | ||
| 901 | t | Тип документа | b |